000 00269nam a22001217a 4500
008 170215b xxu||||| |||| 00| 0 eng d
041 _aeng
080 _a61
100 _a4
101 _aSHM
245 _aKEY FACTS RACE ETHNICITY MEDICAL CARE
_cBLNTON
942 _2udc
_cBK
999 _c5524
_d5524